000 nam a22 7a 4500
999 _c7646
_d7646
008 170923b xxu||||| |||| 00| 0 eng d
100 _94142
_aShah.N.M.
245 _aStatistics for Economics-Xi
260 _aNew Delhi
_bAP
_c2009